Name all MCC participants in Season 5 (harder) - Statistics

General Stats
  • This quiz has been taken 239 times
  • The average score is 75 of 111
Answer Stats
Player % Correct
hannahxxrose
95%
Grian
94%
aimsey
92%
Feinberg
92%
jojosolos
92%
Smajor1995
92%
Tubbo
92%
4CVIT
91%
GeminiTay
91%
5up
90%
Antfrost
90%
Antvenom
90%
FireBreathMan
90%
fruitberries
90%
Purpled
90%
GoodTimesWithScar
89%
Smallishbeans
89%
FalseSymmetry
87%
Pangi
87%
PeteZahHutt
87%
CaptainSparklez
86%
Kara Corvus
86%
TheOrionSound
86%
bekyamon
85%
Pyroscythe
85%
Shadoune666
85%
SolidarityGaming
85%
Shubble
83%
impulseSV
82%
Ph1LzA
82%
Xisumavoid
82%
Couriway
81%
HBomb94
81%
cubfan135
80%
InTheLittleWood
80%
vGumiho
80%
CamBam010
79%
Guqqie
79%
Legundo
79%
OwengeJuice
79%
ghostiefruit
78%
AvidMc
77%
CaptainPuffy
77%
Rendog
77%
InfiniteDrift
76%
ish13c
76%
Kratzy
76%
Krinios
76%
PearlescentMoon
76%
Skizzleman
76%
xChocoBars
76%
Eskay
75%
Sneegsnag
75%
DarkEyebrows
74%
SandwichLord
72%
Seapeekay
72%
soupforeloise
72%
DrGluon
70%
EthosLab
70%
Snifferish
70%
apokuna
69%
sleepy
69%
TapL
69%
ElainaExe
68%
Michaelmcchill
67%
Roscumber
67%
Katherine Elizabeth
66%
Steven Suptic
66%
ZombieCleo
66%
KryticZeuz
64%
SB737
63%
Rainhoe
62%
TinaKitten
59%
Graecie
58%
OllieGamerz
58%
ItzMasayoshi
57%
Mysticat
57%
Mythical Sausage
57%
jvckk
56%
fanfan
55%
LetsHugo
55%
Fulham
54%
Foolish Gamers
53%
Wichtiger
53%
nooreax
52%
CherriFire
51%
Etoiles
51%
BaboAbe
50%
SettingSunset
50%
VelvetIsCake
50%
ConnorEatsPants
48%
Sykkuno
48%
Jeremy Frieser
47%
millkberry
46%
aldo_geo
45%
MathoX
45%
aypierre
44%
Fit
40%
LexieMariex
39%
LinkTijger
38%
CastCrafter
37%
Pressea
37%
Saiiren
37%
cojomax99
34%
TheGuill84
33%
deusamir
31%
Skyyart
29%
Ulraf
29%
Gegy
28%
JLTomy
26%
Xilefian
21%
No matching quizzes found
Score Distribution
Percent of People with Each Score
Percentile by Number Answered
Your Score History
You have not taken this quiz